| 000 | 00328nam a2200109 4500 | ||
|---|---|---|---|
| 008 | 240730b |||||||| |||| 00| 0 eng d | ||
| 040 |
_aNational Science Library _cNational Science Library |
||
| 245 | _aLietuvos tsr mokslu akademijos leidiniu bibliografija 1964 | ||
| 260 |
_aVilnius: _c1966 |
||
| 300 | _a201p. | ||
| 942 |
_2udc _cBK |
||
| 999 |
_c65211 _d65211 |
||